World War ll Tile Select - Statistics

General Stats
  • This quiz has been taken 65 times
  • The average score is 41 of 52
Answer Stats
Question Tile Select % Correct
Countries of the "Big 3" Canada No
100%
Countries of the "Big 3" China No
100%
Countries of the "Big 3" United Kingdom Yes
100%
Countries invaded by Germany (not including overseas territories) Australia No
98%
Countries invaded by Germany (not including overseas territories) Canada No
98%
Countries invaded by Germany (not including overseas territories) France Yes
98%
Countries invaded by Germany (not including overseas territories) Poland Yes
98%
Countries of the "Big 3" United States Yes
98%
Countries of the "Big 3" France No
96%
Countries not around during World War 2 Japan No
96%
Countries invaded by Germany (not including overseas territories) Portugal No
96%
Countries invaded by Germany (not including overseas territories) South Africa No
96%
Countries of the "Big 3" Soviet Union Yes
96%
Countries invaded by Germany (not including overseas territories) United States No
96%
Countries not around during World War 2 United States No
96%
Countries invaded by Germany (not including overseas territories) Czechoslovakia Yes
91%
Countries invaded by Germany (not including overseas territories) Denmark Yes
91%
Countries invaded by Germany (not including overseas territories) Soviet Union Yes
91%
Countries invaded by Germany (not including overseas territories) United Kingdom No
91%
Countries invaded by Germany (not including overseas territories) Turkey No
89%
Leaders of the "Big 3" Vladimir Lenin No
89%
Leaders of the "Big 3" Adolf Hitler No
87%
Countries not around during World War 2 Andorra No
87%
Countries with more than 1,000,000 civilian deaths Austria No
87%
Leaders of the "Big 3" Charles De Gaulle No
87%
Countries invaded by Germany (not including overseas territories) Iraq No
87%
Countries invaded by Germany (not including overseas territories) Norway Yes
87%
Countries with more than 1,000,000 civilian deaths Romania No
87%
Countries with more than 1,000,000 civilian deaths United Kingdom No
83%
Countries with more than 1,000,000 civilian deaths Soviet Union Yes
81%
Countries invaded by Germany (not including overseas territories) Austria Yes
79%
Countries not around during World War 2 Guatemala No
79%
Countries not around during World War 2 Kosovo Yes
74%
Countries not around during World War 2 Thailand No
72%
Countries with more than 1,000,000 civilian deaths Italy No
70%
Leaders of the "Big 3" Joseph Stalin Yes
70%
Leaders of the "Big 3" Winston Churchill Yes
70%
Countries with more than 1,000,000 civilian deaths Japan Yes
68%
Countries not around during World War 2 Bangladesh Yes
66%
Countries not around during World War 2 Botswana Yes
66%
Countries not around during World War 2 Czech Republic Yes
64%
Leaders of the "Big 3" Franklin Roosevelt Yes
64%
Countries with more than 1,000,000 civilian deaths Poland Yes
64%
Countries not around during World War 2 Belize Yes
57%
Countries with more than 1,000,000 civilian deaths China Yes
57%
Countries not around during World War 2 Dominica Yes
53%
Countries not around during World War 2 Croatia Yes
51%
Countries not around during World War 2 Somalia Yes
51%
Countries not around during World War 2 Yemen No
49%
Countries invaded by Germany (not including overseas territories) Italy Yes
43%
Countries not around during World War 2 Indonesia No
38%
Countries not around during World War 2 India Yes
34%
No matching quizzes found
Score Distribution
Percent of People with Each Score
Percentile by Number Answered
Your Score History
You have not taken this quiz